عرض عادي
عرض مارك
- التربية الخاصة
دخول Topical Term
001 - CONTROL NUMBER
- control field: 29226
003 - CONTROL NUMBER IDENTIFIER
- control field: AE-AdECS
005 - DATE AND TIME OF LATEST TRANSACTION
- control field: 20260424090452.0
008 - FIXED-LENGTH DATA ELEMENTS
- fixed length control field: 260424|| aca||aabn | a|a d
040 ## - CATALOGING SOURCE
- Original cataloging agency: AE-AdECS
- Transcribing agency: AE-AdECS
150 ## - HEADING--TOPICAL TERM
- Topical term or geographic name entry element: التربية الخاصة
- General subdivision: برامج محوسبة
670 ## - SOURCE DATA FOUND
- Source citation: Work cat.: (AE-AdECS)294905: الديسي، ربى محمود مؤلفة. 29225, برنامج تعليمي محوسب لتحسين مهارات القراءة لذوي صعوبات القراءة /
